Devízové operácie a zabezpečenie rizík

Na zabezpečenie rizík spojených s bežnými devízovými operáciami súvisiacimi s importom, exportom a krátkodobým investovaním sa používajú finančné nástroje - spot, devízové termínové kontrakty, devízové opcie.

Salvato in:
Dettagli Bibliografici
Autore principale: Ernst, Roman
Natura: Capitolo di libro
Lingua:slovacco
inglese
Soggetti:
Tags: Aggiungi Tag
Nessun Tag, puoi essere il primo ad aggiungerne!!

MARC

LEADER 00000naa$a2200000$$$4500
001 0005554
005 20230426121059.8
041 0 |a slo 
041 0 |a eng 
044 |a SK 
245 1 0 |a Devízové operácie a zabezpečenie rizík  |c Roman Ernst 
520 |a Na zabezpečenie rizík spojených s bežnými devízovými operáciami súvisiacimi s importom, exportom a krátkodobým investovaním sa používajú finančné nástroje - spot, devízové termínové kontrakty, devízové opcie. 
610 2 0 |a investovanie 
610 2 0 |a riziko 
610 2 0 |a trh devízový 
610 2 0 |a spot 
610 2 0 |a opcie 
610 2 0 |a obchody termínové 
610 2 0 |a kurz menový 
610 2 0 |a forwardy 
100 1 |a Ernst, Roman